Rejestracje samochodowe Europy - Statystyki

Ogólne statystyki
  • Ten quiz został rozwiązany 195 razy
  • Średni wynik to 39 z 45
Statystyki odpowiedzi
Obrazkowy Odpowiedź % Poprawnych
Białoruś
97%
Andorra
95%
Estonia
95%
Czechy
94%
Finlandia
94%
Albania
93%
Francja
93%
Holandia
93%
Chorwacja
92%
Irlandia
92%
Słowacja
92%
Wielka Brytania
92%
Austria
91%
Islandia
91%
Polska
91%
Rosja
91%
Szwajcaria
91%
Ukraina
91%
Belgia
90%
Litwa
90%
Niemcy
90%
Norwegia
90%
Dania
89%
Grecja
89%
Łotwa
89%
Portugalia
89%
Serbia
89%
Słowenia
89%
Bośnia i Hercegowina
87%
Rumunia
87%
Bułgaria
85%
Czarnogóra
85%
Hiszpania
85%
Luksemburg
84%
Mołdawia
83%
Monako
83%
San Marino
83%
Włochy
83%
Kosowo
81%
Szwecja
81%
Węgry
81%
Macedonia Północna
79%
Turcja
74%
Liechtenstein
71%
Watykan
60%
Nie znaleziono quizów pasujących do podanych kryteriów
Rozkład punktacji
Procent ludzi z każdym wynikiem
Percentyl według liczby udzielonych odpowiedzi
Twoja historia wyników
Nie rozwiązałeś tego quizu